Možnosti odhadovania hodnoty podniku
Ukazovatele pre zisťovanie hodnoty podniku. Listed perspektíva: celková návratnosť akcionára - TSR, hodnota pridaná trhom – MVA. Not-listed perspektíva. Ekonomická pridaná hodnota - EVA. Cash flow návratnosti investícií – CFR. Akcionárova pridaná hodnota - SVA.
Guardado en:
| Autor principal: | |
|---|---|
| Otros Autores: | |
| Formato: | Capítulo de libro |
| Lenguaje: | eslovaco |
| Materias: | |
| Etiquetas: |
Sin Etiquetas, Sea el primero en etiquetar este registro!
|
MARC
| LEADER | 00000nla a2200000 4500 | ||
|---|---|---|---|
| 001 | 0239367 | ||
| 005 | 20240530125353.9 | ||
| 041 | 0 | |a slo | |
| 044 | |a SK | ||
| 245 | 1 | 0 | |a Možnosti odhadovania hodnoty podniku |c Roman Lacko, František Hurný |
| 520 | |a Ukazovatele pre zisťovanie hodnoty podniku. Listed perspektíva: celková návratnosť akcionára - TSR, hodnota pridaná trhom – MVA. Not-listed perspektíva. Ekonomická pridaná hodnota - EVA. Cash flow návratnosti investícií – CFR. Akcionárova pridaná hodnota - SVA. | ||
| 610 | 2 | 0 | |a podnik |
| 610 | 2 | 0 | |a ohodnocovanie podniku |
| 610 | 2 | 0 | |a hodnota podniku |
| 610 | 2 | 0 | |a metódy ohodnocovania |
| 610 | 2 | 0 | |a ukazovatele hodnotové |
| 610 | 2 | 0 | |a ukazovateľ EVA |
| 610 | 2 | 0 | |a návratnosť investícií |
| 100 | 1 | |a Lacko, Roman, 1988- | |
| 700 | 1 | |a Hurný, František | |